000 00712nam a2200205Ia 4500
001 14888
003 GE_BSU
008 181216s||||||||xx |||||||||||||| ||und||
040 _cGE_BSU
080 _a519.61
100 _aБахвалов,Н.С.
245 _aЧисленные методы.Анализ,Алгебра,Обыкновенные дифференциальные уравнения
260 _aМосква
260 _bНаука
260 _c1973
300 _a631стр.22см.
300 _eБиблиогр. стр.628
653 _aЧисленные методы.Анализ,Алгебра,Обыкновенные дифференциальные уравнения
942 _cBK
999 _c48008
_d48008